000 00305nam a22001337a 4500
003 OSt
005 20231127204106.0
008 231127b |||||||| |||| 00| 0 eng d
040 _cCO-JMCR
082 _aC /
_bFAGs
100 _aFagan, Cary,
_eautor
_942961
245 _aLa sillita azul /
942 _2ddc
_cBK
999 _c30363
_d16747